000 00604nam a22002177a 4500
003 DO-SdBNP
005 20180219105546.0
008 161214b 2000 ag 00| 0 spa d
020 _a9788477206859
040 _aBPMSU
_bspa
_cBPMSU
082 4 _axxxx
_bxxxx
100 1 _aFisher, Robert
245 1 3 _aEl búho que no podía ulular /
_cRobert Fisher, Beth Kelly
250 _a11a ed.
260 _aBuenos Aires, Argentina :
_bObelisco,
_c2000.
300 _a99 p. ;
_c21 cm.
700 1 _aKelly, Beth
942 _2ddc
_cBK
945 _aInventariado, 2018 / BT
956 _aBTAVÁREZ
_b10
_d20161214
_fBPMSU
_c0038
999 _c12420
_d12420